A dictionary of idioms, phrases & terms, (Record no. 80738)
[ view plain ]
| 000 -LEADER | |
|---|---|
| fixed length control field | 00617cam a22002291 4500 |
| 001 - CONTROL NUMBER | |
| control field | sa 68005433 |
| 003 - CONTROL NUMBER IDENTIFIER | |
| control field | DLC |
| 005 - DATE AND TIME OF LATEST TRANSACTION | |
| control field | 20260227112509.0 |
| 008 - FIXED-LENGTH DATA ELEMENTS--GENERAL INFORMATION | |
| fixed length control field | 710915s1967 ii d 000 0 eng |
| 010 ## - LIBRARY OF CONGRESS CONTROL NUMBER | |
| LC control number | sa 68005433 |
| 025 ## - OVERSEAS ACQUISITION NUMBER | |
| Overseas acquisition number | PL480:I-E-9711 |
| 040 ## - CATALOGING SOURCE | |
| Original cataloging agency | DLC |
| Transcribing agency | DLC |
| Modifying agency | DLC |
| 041 0# - LANGUAGE CODE | |
| Language code of text/sound track or separate title | engori |
| 050 00 - LIBRARY OF CONGRESS CALL NUMBER | |
| Classification number | PK2566 |
| Item number | .S2 |
| 100 1# - MAIN ENTRY--PERSONAL NAME | |
| Personal name | Sathia, N. P. |
| 245 12 - TITLE STATEMENT | |
| Title | A dictionary of idioms, phrases & terms, |
| Statement of responsibility, etc. | by N. P. Sathia. |
| 250 ## - EDITION STATEMENT | |
| Edition statement | 1st ed. |
| 260 ## - PUBLICATION, DISTRIBUTION, ETC. | |
| Place of publication, distribution, etc. | Cuttack, |
| Name of publisher, distributor, etc. | Grantha Mandir, |
| Date of publication, distribution, etc. | 1967. |
| 300 ## - PHYSICAL DESCRIPTION | |
| Extent | 2, 500 p. |
| Dimensions | 19 cm. |
| 350 ## - PRICE (NR) (BK AM CF MU VM SE) [OBSOLETE] | |
| Price | Rs6.50 |
| 650 #0 - SUBJECT ADDED ENTRY--TOPICAL TERM | |
| Topical term or geographic name entry element | English language |
| General subdivision | Idioms |
| -- | Dictionaries |
| -- | Oriya. |
No items available.